[Event "CRO-chT2 East"]
[Site "Croatia"]
[Date "2011.04.16"]
[Round "4"]
[White "Zovko, Marko"]
[Black "Cubelic, Milan"]
[Result "1/2-1/2"]
[WhiteElo "2146"]
[BlackElo "2117"]
[PlyCount "127"]
[EventDate "2011.04.02"]
[EventType "tourn"]
[EventRounds "11"]
[EventCountry "CRO"]
[SourceTitle "EXT 2014"]
[Source "ChessBase"]
[SourceDate "2013.11.20"]
[SourceVersion "1"]
[SourceVersionDate "2013.11.20"]
[SourceQuality "1"]

1. e4 c6 2. d4 d5 3. e5 Bf5 4. g4 Bd7 5. Be3 e6 6. Nd2 g6 7. c3 h5 8. gxh5 Rxh5 9. Be2 Rh8 10. Ngf3 Bh6 11. Nf1 Bxe3 12. Nxe3 Nh6 13. Qd2 c5 14. dxc5 Nf5 15. Ng4 Nc6 16. Nd4 Ncxd4 17. cxd4 Qh4 18. 0-0-0 Bc6 19. Qa5 Qd8 20. Nf6+ Ke7 21. Qc3 Qf8 22. Ng4 a5 23. Kb1 a4 24. a3 Rh4 25. Rhg1 Qh8 26. Qb4 Qd8 27. Bb5 Qc8 28. Bd3 Qh8 29. Bc2 Rh3 30. Rd3 Rxd3 31. Bxd3 Nh4 32. Rg3 Nf5 33. Rg1 Nh4 34. Be2 Nf5 35. Qd2 Qh4 36. Rd1 Kf8 37. Rg1 Kg7 38. Qf4 Rh8 39. Bd1 Nh6 40. Bc2 Nf5 41. Qd2 Nh6 42. Nxh6 Rxh6 43. Rg2 Qh3 44. f4 Bd7 45. Qf2 Qh4 46. Qg3 Kf8 47. Qxh4 Rxh4 48. Rf2 Ke7 49. Ka2 Rh8 50. Bd1 Kd8 51. Bg4 Kc7 52. Kb1 Bb5 53. Kc2 b6 54. cxb6+ Kxb6 55. Be2 Rh3 56. Bg4 Rh8 57. Kd2 Bc4 58. Ke3 Kc6 59. h3 Rb8 60. Bd1 Bb3 61. Be2 Ba2 62. Bd1 Bb3 63. Bg4 Bc4 64. Bd1 1/2-1/2

[Event "CRO-chT2 East"]
[Site "Osijek"]
[Date "2010.10.31"]
[Round "10.15"]
[White "Vernacki, Dusko"]
[Black "Zovko, Marko"]
[Result "1/2-1/2"]
[WhiteElo "2145"]
[BlackElo "2150"]
[PlyCount "42"]
[EventDate "2010.04.17"]
[EventType "team-tourn"]
[EventRounds "11"]
[EventCountry "CRO"]
[SourceTitle "EXT 2012"]
[Source "ChessBase"]
[SourceDate "2011.11.24"]
[SourceVersion "1"]
[SourceVersionDate "2011.11.24"]
[SourceQuality "1"]

1. Nf3 Nf6 2. c4 c5 3. g3 d5 4. cxd5 Nxd5 5. Bg2 Nc6 6. 0-0 e5 7. d3 Be7 8. Nc3 Be6 9. Bd2 f6 10. a3 Qd7 11. Re1 0-0 12. Ne4 b6 13. Qa4 Rad8 14. Rac1 Nd4 15. Qxd7 Rxd7 16. Nxd4 exd4 17. Red1 Rfd8 18. Rb1 h6 19. Be1 Kf7 20. Rdc1 a5 21. Nd2 Rb8 1/2-1/2

[Event "CRO-chT2 East"]
[Site "Osijek"]
[Date "2010.04.24"]
[Round "4.44"]
[White "Josic, Stevan"]
[Black "Zovko, Marko"]
[Result "1/2-1/2"]
[WhiteElo "2116"]
[BlackElo "2168"]
[PlyCount "81"]
[EventDate "2010.04.17"]
[EventType "team-tourn"]
[EventRounds "11"]
[EventCountry "CRO"]
[SourceTitle "EXT 2012"]
[Source "ChessBase"]
[SourceDate "2011.11.24"]
[SourceVersion "1"]
[SourceVersionDate "2011.11.24"]
[SourceQuality "1"]

1. e4 c5 2. Nf3 Nc6 3. d4 cxd4 4. Nxd4 Nf6 5. Nc3 e5 6. Ndb5 d6 7. Bg5 a6 8. Na3 b5 9. Nd5 Be7 10. Nxe7 Nxe7 11. Bd3 d5 12. Bxf6 gxf6 13. c3 f5 14. f3 fxe4 15. fxe4 Bb7 16. Qe2 Ng6 17. exd5 Qxd5 18. Bxg6 hxg6 19. Rd1 Qc5 20. Qf2 Qxf2+ 21. Kxf2 Ke7 22. Nc2 Rad8 23. h3 Rxd1 24. Rxd1 Rd8 25. Rxd8 Kxd8 26. g4 g5 27. Ne3 Kd7 28. Kg3 Ke6 29. h4 gxh4+ 30. Kxh4 a5 31. a3 e4 32. Kg3 Ke5 33. a4 Ba6 34. axb5 Bxb5 35. Nc2 Ba6 36. Nd4 Bb7 37. Nc2 Bd5 38. Ne3 Bb3 39. Nf5 Bd5 40. Ne3 Bb3 41. Nf5 1/2-1/2

[Event "CRO-chT2 East"]
[Site "Osijek"]
[Date "2010.04.18"]
[Round "3.35"]
[White "Djuric, Milan"]
[Black "Zovko, Marko"]
[Result "1-0"]
[WhiteElo "2052"]
[BlackElo "2168"]
[PlyCount "107"]
[EventDate "2010.04.17"]
[EventType "team-tourn"]
[EventRounds "11"]
[EventCountry "CRO"]
[SourceTitle "EXT 2012"]
[Source "ChessBase"]
[SourceDate "2011.11.24"]
[SourceVersion "1"]
[SourceVersionDate "2011.11.24"]
[SourceQuality "1"]

1. e4 c5 2. Ne2 Nc6 3. Nbc3 e6 4. g3 g6 5. Bg2 Bg7 6. 0-0 Nge7 7. d3 0-0 8. Be3 d6 9. Qd2 Nd4 10. Nd1 Rb8 11. c3 Nxe2+ 12. Qxe2 Bd7 13. d4 b6 14. Qd2 Bc6 15. Bh6 f5 16. Bxg7 Kxg7 17. d5 Bb5 18. Re1 e5 19. f4 exf4 20. gxf4 fxe4 21. c4 Bd7 22. Nc3 e3 23. Rxe3 Nf5 24. Ree1 Qh4 25. Ne4 Rbe8 26. Rf1 Nd4 27. Ng3 Re7 28. Rad1 Rfe8 29. Qf2 Bf5 30. Rxd4 Qf6 31. Rd2 Bg4 32. h3 Bd7 33. f5 Re3 34. fxg6 Qxf2+ 35. Kxf2 hxg6 36. Rfd1 b5 37. b3 R3e5 38. Re2 Rxe2+ 39. Nxe2 b4 40. Rd3 Rf8+ 41. Rf3 Bf5 42. Ke1 Re8 43. Kd2 Bb1 44. Nf4 a5 45. Ne6+ Kh6 46. Kc1 Bf5 47. Re3 g5 48. Bf1 Rg8 49. Bd3 Bxd3 50. Rxd3 g4 51. Rg3 Rg6 52. hxg4 Kh7 53. g5 Rg8 54. g6+ 1-0

[Event "CRO-chT U20 14th"]
[Site "Sv Filip i Jakov"]
[Date "2005.04.03"]
[Round "7"]
[White "Zovko, Marko"]
[Black "Starcevic, Kresimir"]
[Result "1-0"]
[WhiteElo "2134"]
[BlackElo "2081"]
[PlyCount "80"]
[EventDate "2005.03.29"]
[EventType "team-tourn"]
[EventRounds "7"]
[EventCountry "CRO"]
[SourceTitle "CBM 105 Extra"]
[Source "ChessBase"]
[SourceDate "2005.05.01"]
[SourceVersion "1"]
[SourceVersionDate "2005.05.01"]
[SourceQuality "1"]

1. e4 e6 2. d4 d5 3. Nd2 Nf6 4. e5 Nfd7 5. Bd3 c5 6. c3 Nc6 7. Ne2 cxd4 8. cxd4 f6 9. exf6 Nxf6 10. Nf3 Bd6 11. 0-0 0-0 12. a3 a6 13. Ng3 e5 14. dxe5 Nxe5 15. Be2 Nxf3+ 16. Bxf3 Be6 17. Be3 Rc8 18. Bd4 Bb8 19. Re1 Qd7 20. Rc1 Rxc1 21. Qxc1 Qf7 22. Qg5 h6 23. Qd2 Rd8 24. Qe2 Bd7 25. Qe7 Qxe7 26. Rxe7 Bd6 27. Bxf6 Bxe7 28. Bxe7 Re8 29. Bxd5+ Kh8 30. Bb4 a5 31. Bc3 b6 32. Nh5 Re7 33. f3 Kh7 34. Nxg7 b5 35. Be4+ Kg8 36. Nh5 Kf7 37. Bxa5 Re5 38. Nf4 Rc5 39. Nd3 Rg5 40. h4 Rh5 1-0

[Event "EU-ch U18"]
[Site "Budva"]
[Date "2003.09.16"]
[Round "4"]
[White "Barnaure, Vlad Victor"]
[Black "Zovko, Marko"]
[Result "1-0"]
[WhiteElo "2317"]
[BlackElo "2116"]
[PlyCount "97"]
[EventDate "2003.09.13"]
[EventType "swiss"]
[EventRounds "9"]
[EventCountry "YUG"]
[SourceTitle "CBM 096 Extra"]
[Source "ChessBase"]
[SourceDate "2003.10.22"]
[SourceVersion "2"]
[SourceVersionDate "2003.10.20"]
[SourceQuality "1"]

1. d4 Nf6 2. Nf3 g6 3. g3 Bg7 4. Bg2 0-0 5. 0-0 d6 6. c4 Nbd7 7. Nc3 e5 8. e4 Re8 9. h3 c6 10. b3 exd4 11. Nxd4 Nc5 12. Re1 a5 13. Bf4 Nh5 14. Be3 Qc7 15. Qc2 Bd7 16. Rad1 Rad8 17. Rd2 Bc8 18. Red1 Ne6 19. Nde2 Nc5 20. g4 Nf6 21. Ng3 h5 22. Bf4 Bf8 23. gxh5 Nxh5 24. Nxh5 gxh5 25. Ne2 Ne6 26. Be3 h4 27. Nf4 Be7 28. Qc3 d5 29. Nh5 d4 30. Bxd4 Rxd4 31. Rxd4 Qe5 32. Rd8 Qxc3 33. Rxe8+ Kh7 34. Rxe7 Kg6 35. Re8 Kxh5 36. Rxc8 Nf4 37. Rg8 Nxh3+ 38. Bxh3 Qxh3 39. Rd6 Qc3 40. Rd7 Qe1+ 41. Kg2 Qxe4+ 42. Kf1 b5 43. cxb5 cxb5 44. Rxf7 Qd3+ 45. Kg1 h3 46. Rfg7 Kh6 47. Rg3 Qd1+ 48. Kh2 Kh7 49. R8g4 1-0

[Event "Bosnjaci op 9th"]
[Site "Bosnjaci"]
[Date "2003.01.04"]
[Round "2"]
[White "Zovko, Marko"]
[Black "Novakovic, Dragan"]
[Result "0-1"]
[WhiteElo "2128"]
[BlackElo "2356"]
[PlyCount "128"]
[EventDate "2003.01.03"]
[EventType "swiss"]
[EventRounds "7"]
[EventCountry "CRO"]
[SourceTitle "EXT 2004"]
[Source "ChessBase"]
[SourceDate "2003.11.25"]
[SourceVersion "1"]
[SourceVersionDate "2003.11.25"]
[SourceQuality "1"]

1. Nf3 d5 2. g3 c6 3. d4 Nf6 4. Bg2 Bf5 5. 0-0 h6 6. c4 e6 7. b3 Nbd7 8. Bb2 Be7 9. Nbd2 0-0 10. Ne5 Bb4 11. Ndf3 Be4 12. a3 Bd6 13. Nd3 dxc4 14. bxc4 c5 15. e3 Qc7 16. Nfe5 Bxg2 17. Kxg2 cxd4 18. exd4 Bxe5 19. dxe5 Ne4 20. Re1 Nec5 21. Nf4 Qc6+ 22. f3 Na4 23. Qe2 Nxb2 24. Qxb2 Nb6 25. Rab1 Qxc4 26. Re4 Qc7 27. a4 Rfc8 28. Nh5 Qc2+ 29. Kh3 Qxb2 30. Rxb2 Rc5 31. Nf4 Rd8 32. Ne2 Rd7 33. f4 Ra5 34. Nc3 Rd3 35. Rb5 Rxc3 36. Rxa5 a6 37. Rb4 Rc6 38. Rc5 Rxc5 39. Rxb6 Rc4 40. Rxb7 Rxa4 41. Ra7 g5 42. Kg4 Kg7 43. h4 gxf4 44. gxf4 a5 45. h5 Ra1 46. Kf3 a4 47. Kg3 a3 48. Kg2 a2 49. Ra8 f5 50. Ra6 Kf7 51. Ra8 Ke7 52. Ra7+ Kd8 53. Ra5 Kc7 54. Ra6 Kb7 55. Ra3 Kb6 56. Ra8 Kc5 57. Ra4 Kb5 58. Ra7 Kc4 59. Ra3 Kd4 60. Ra6 Ke4 61. Ra4+ Ke3 62. Kh2 Kf3 63. Ra6 Kxf4 64. Ra5 Kg4 0-1

[Event "Borovo op"]
[Site "Borovo"]
[Date "2003.??.??"]
[Round "7"]
[White "Saric, Sinisa"]
[Black "Zovko, Marko"]
[Result "1-0"]
[WhiteElo "2218"]
[BlackElo "2128"]
[PlyCount "73"]
[EventDate "2003.??.??"]
[EventType "swiss"]
[EventRounds "9"]
[EventCountry "CRO"]
[SourceTitle "EXT 2005"]
[Source "ChessBase"]
[SourceDate "2004.11.15"]
[SourceVersion "1"]
[SourceVersionDate "2004.11.15"]
[SourceQuality "1"]

1. d4 Nf6 2. c4 g6 3. Nc3 Bg7 4. e4 d6 5. Nf3 0-0 6. Be2 e5 7. Be3 Ng4 8. Bg5 f6 9. Bd2 Nc6 10. d5 Ne7 11. h3 Nh6 12. h4 f5 13. h5 f4 14. hxg6 Nxg6 15. Qc2 Ng4 16. Ng1 Nh4 17. Bf3 Kh8 18. Nh3 Nxf3+ 19. gxf3 Nh6 20. 0-0-0 Rg8 21. Rh2 Bd7 22. Rdh1 Qf6 23. Ne2 Raf8 24. Nhxf4 exf4 25. Bc3 Qe7 26. Rxh6 Be5 27. Kb1 Rf6 28. R6h5 Rg2 29. Bxe5 dxe5 30. Qc3 Rxf2 31. Rxe5 Qg7 32. Reh5 h6 33. Nxf4 Kh7 34. Nh3 R6xf3 35. Ng5+ Qxg5 36. Qxf3 Rxf3 37. Rxg5 1-0

[Event "Borovo op"]
[Site "Borovo"]
[Date "2003.??.??"]
[Round "2"]
[White "Zovko, Marko"]
[Black "Drmic, Tomislav"]
[Result "0-1"]
[WhiteElo "2128"]
[BlackElo "2124"]
[PlyCount "52"]
[EventDate "2003.??.??"]
[EventType "swiss"]
[EventRounds "9"]
[EventCountry "CRO"]
[SourceTitle "EXT 2005"]
[Source "ChessBase"]
[SourceDate "2004.11.15"]
[SourceVersion "1"]
[SourceVersionDate "2004.11.15"]
[SourceQuality "1"]

1. e4 e6 2. d4 d5 3. Nc3 Nf6 4. Bg5 dxe4 5. Nxe4 Be7 6. Bxf6 gxf6 7. Nf3 Nd7 8. Qd2 0-0 9. 0-0-0 Kh8 10. Kb1 Rg8 11. Bd3 Qf8 12. Ng3 c5 13. Rhe1 cxd4 14. Nxd4 Ne5 15. Bf1 a6 16. Nh5 b5 17. f4 Ng6 18. Nc6 Qh6 19. f5 Qxh5 20. fxg6 Bf8 21. gxf7 Qxf7 22. Qf4 Bg7 23. Re3 Bb7 24. Ne5 Qh5 25. Be2 fxe5 26. Bxh5 exf4 0-1

[Event "Borovo op"]
[Site "Borovo"]
[Date "2003.??.??"]
[Round "6"]
[White "Zovko, Marko"]
[Black "Masirevic, Miroljub"]
[Result "1/2-1/2"]
[WhiteElo "2128"]
[BlackElo "2092"]
[PlyCount "33"]
[EventDate "2003.??.??"]
[EventType "swiss"]
[EventRounds "9"]
[EventCountry "CRO"]
[SourceTitle "EXT 2005"]
[Source "ChessBase"]
[SourceDate "2004.11.15"]
[SourceVersion "1"]
[SourceVersionDate "2004.11.15"]
[SourceQuality "1"]

1. Nf3 Nf6 2. d4 d5 3. c4 e6 4. Nc3 Be7 5. Bg5 0-0 6. e3 Nbd7 7. Be2 h6 8. Bh4 b6 9. 0-0 Bb7 10. Rc1 c5 11. cxd5 Nxd5 12. Bxe7 Nxe7 13. dxc5 Nxc5 14. Qxd8 Raxd8 15. Rfd1 Rxd1+ 16. Rxd1 Bxf3 17. Bxf3 1/2-1/2

[Event "CRO-chTA U18"]
[Site "Pula"]
[Date "2002.09.18"]
[Round "?"]
[White "Zovko, Marko"]
[Black "Saric, Ivan"]
[Result "1-0"]
[WhiteElo "2090"]
[BlackElo "2010"]
[PlyCount "78"]
[EventDate "2002.09.16"]
[EventType "team"]
[EventRounds "8"]
[EventCountry "CRO"]
[SourceTitle "CBM 090 Extra"]
[Source "ChessBase"]
[SourceDate "2002.11.07"]
[SourceVersion "1"]
[SourceVersionDate "2002.11.07"]
[SourceQuality "1"]

1. e4 e5 2. Bc4 Nf6 3. d3 c6 4. Nf3 d6 5. 0-0 Be7 6. Nc3 0-0 7. Bb3 Bg4 8. h3 Bh5 9. g4 Bg6 10. Ne2 Nbd7 11. Ng3 Nc5 12. Nf5 a5 13. c3 Ne6 14. Kh2 Re8 15. Be3 Qc7 16. Qe2 Rad8 17. Rae1 d5 18. Bc1 Bd6 19. N3h4 b5 20. Nxd6 Qxd6 21. Nf5 Bxf5 22. gxf5 Nf4 23. Qf3 dxe4 24. dxe4 N6h5 25. Rg1 Qf6 26. Bc2 Rd6 27. Rg4 Red8 28. Reg1 g6 29. Rg5 Kh8 30. Be3 Ng7 31. R5g4 Ngh5 32. Rg5 Ng7 33. Bxf4 exf4 34. fxg6 Rd2 35. e5 Qe7 36. gxh7 Rxc2 37. Rxg7 Qh4 38. Rg8+ Kxh7 39. Qe4+ Kh6 1-0

[Event "Bosnjaci op 8th"]
[Site "Bosnjaci"]
[Date "2002.01.03"]
[Round "1"]
[White "Leventic, Ivan"]
[Black "Zovko, Marko"]
[Result "1-0"]
[WhiteElo "2439"]
[BlackElo "2094"]
[PlyCount "37"]
[EventDate "2002.01.03"]
[EventType "swiss"]
[EventRounds "7"]
[EventCountry "CRO"]
[SourceTitle "CBM 086 Extra"]
[Source "ChessBase"]
[SourceDate "2002.03.14"]
[SourceVersion "1"]
[SourceVersionDate "2002.03.14"]
[SourceQuality "1"]

1. e4 c5 2. Nc3 Nc6 3. Nf3 Nf6 4. Bb5 d6 5. e5 Ng4 6. exd6 Qxd6 7. Ne4 Qd5 8. Qe2 Bf5 9. d3 e6 10. Nh4 Be7 11. h3 Nf6 12. c4 Qe5 13. f4 Nxe4 14. Nf3 Qd6 15. dxe4 Bg6 16. 0-0 0-0 17. Bxc6 Qxc6 18. f5 Bh5 19. g4 1-0

[Event "CRO-ch U17"]
[Site "Pula"]
[Date "2002.??.??"]
[Round "7"]
[White "Kuljasevic, Davorin"]
[Black "Zovko, Marko"]
[Result "1/2-1/2"]
[WhiteElo "2286"]
[BlackElo "2094"]
[PlyCount "62"]
[EventDate "2002.??.??"]
[EventType "swiss"]
[EventRounds "9"]
[EventCountry "CRO"]
[SourceTitle "EXT 2003"]
[Source "ChessBase"]
[SourceDate "2002.11.25"]
[SourceVersion "1"]
[SourceVersionDate "2002.11.25"]
[SourceQuality "1"]

1. d4 d6 2. Nf3 Bg4 3. c4 Nf6 4. Nc3 Bxf3 5. exf3 c6 6. d5 g6 7. f4 Bg7 8. g3 0-0 9. Bg2 e6 10. 0-0 exd5 11. cxd5 c5 12. f5 Na6 13. fxg6 hxg6 14. f4 Qd7 15. Bd2 Nc7 16. f5 b5 17. Bg5 Rae8 18. Qc2 Nh7 19. Bf4 Bd4+ 20. Kh1 g5 21. Bd2 f6 22. Rae1 Be5 23. Nd1 b4 24. Nf2 Nb5 25. Ng4 Nd4 26. Qd3 Rb8 27. Nxe5 dxe5 28. b3 Rfc8 29. Rc1 Nf8 30. h4 gxh4 31. gxh4 Qh7 1/2-1/2

[Event "CRO-chT U18"]
[Site "Pula"]
[Date "2001.09.11"]
[Round "2"]
[White "Zovko, Marko"]
[Black "Plenkovic, Zdenko"]
[Result "0-1"]
[WhiteElo "2167"]
[BlackElo "2151"]
[PlyCount "140"]
[EventDate "2001.09.10"]
[EventType "team"]
[EventRounds "9"]
[EventCountry "CRO"]
[SourceTitle "CBM 084 Extra"]
[Source "ChessBase"]
[SourceDate "2001.10.26"]
[SourceVersion "1"]
[SourceVersionDate "2001.10.26"]
[SourceQuality "1"]

1. Nf3 Nf6 2. d4 e6 3. Bg5 Be7 4. e3 b6 5. Bd3 Bb7 6. 0-0 d6 7. c4 Nbd7 8. Nc3 e5 9. dxe5 dxe5 10. Bxf6 Bxf6 11. Be4 c6 12. Qd6 Be7 13. Qd2 Qc7 14. Rac1 Rd8 15. Qe2 0-0 16. Rfd1 f5 17. Bb1 Kh8 18. a3 g5 19. b4 e4 20. Nd4 Qe5 21. Na4 c5 22. bxc5 Nxc5 23. Nxc5 Bxc5 24. Qb2 Rd6 25. Rd2 Rfd8 26. Rcd1 f4 27. Qc1 fxe3 28. fxe3 Bc8 29. Re1 Rxd4 30. exd4 Bxd4+ 31. Kh1 e3 32. Rxd4 Qxd4 33. Rxe3 Qd1+ 34. Re1 Qxc1 35. Rxc1 Rd2 36. Be4 Ra2 37. h3 Rxa3 38. Rd1 Kg7 39. Rd6 Re3 40. Bd5 Re7 41. Kh2 Bf5 42. Kg3 Re3+ 43. Kf2 Ra3 44. Rc6 Bg6 45. Re6 Bd3 46. Rc6 Kf8 47. Re6 Rc3 48. Rc6 Ke8 49. Re6+ Kd7 50. Rc6 Bg6 51. Ke2 Rb3 52. c5 Rb2+ 53. Ke3 Rb5 54. Rf6 Ke7 55. cxb6 axb6 56. Re6+ Kd7 57. Bc6+ Kxe6 58. Bxb5 Kd5 59. g3 Kc5 60. Bd7 b5 61. Kd2 b4 62. Be6 Kd4 63. h4 h6 64. hxg5 hxg5 65. Bb3 Be4 66. Be6 Bd5 67. Bf5 b3 68. Kc1 Be4 69. g4 Bxf5 70. gxf5 Ke5 0-1